000 00673nam a2200193Ia 4500
003 GCL
008 140319s9999 xx 000 0 ara d
040 _aGCL /
_cGCL
082 0 4 _a001.5
_bع ت
100 1 _aعايد الشعراوى
245 1 0 _aالتلوث الفكرى والاعلامى فى العالم الاسلامى /
_cعايد الشعراوى
300 _a149 ص
490 _aالهيئة العامة للاستعلامات
_v0
650 0 4 _aالرأى العام
650 0 4 _aالاعلام - القومية العربية
650 0 4 _aالاصولية, الاعلام
650 0 4 _aالاعلام - العالم العربى
942 _2ddc
_cBK
999 _c38702
_d38702